| 000 | 00496nam a2200181 a 4500 | ||
|---|---|---|---|
| 001 | 20428 | ||
| 005 | 20180713214020.0 | ||
| 008 | 140415s1967 mx 000 0 spa d | ||
| 041 | _aspa | ||
| 082 |
_a332 _bGUT |
||
| 100 | 1 | _aGUTIERREZ, ALFREDO F. | |
| 245 | 1 | 4 | _aLOS ESTADOS FINANCIEROS Y SU ANALISIS |
| 250 | _a2a ed. | ||
| 260 |
_aMEXICO : _bFONDO DE CULTURA ECONOMICA, _c1967 |
||
| 300 | _a333 | ||
| 490 | _aSECCION DE OBRAS DE ECONOMIA | ||
| 650 | 1 | 4 |
_aECONOMIA _xFINANZAS |
| 999 |
_c20428 _d20428 |
||